Sejarah perkembangan tamadun dunia (Record no. 48945)

MARC details
000 -LEADER
fixed length control field 00710nam a2200253 i 4500
001 - CONTROL NUMBER
control field C2-0163669
003 - CONTROL NUMBER IDENTIFIER
control field PPAK
005 - DATE AND TIME OF LATEST TRANSACTION
control field 20180727133148.0
008 - FIXED-LENGTH DATA ELEMENTS--GENERAL INFORMATION
fixed length control field 980603s1996 my |||| ||||| | may d
020 ## - INTERNATIONAL STANDARD BOOK NUMBER
International Standard Book Number 9836241396
040 ## - CATALOGING SOURCE
Original cataloging agency PPAK
Language of cataloging eng
Transcribing agency PPAK
Description conventions rda
082 04 - DEWEY DECIMAL CLASSIFICATION NUMBER
Classification number 901.9
Edition number 23
090 00 - LOCALLY ASSIGNED LC-TYPE CALL NUMBER (OCLC); LOCAL CALL NUMBER (RLIN)
Classification number (OCLC) (R) ; Classification number, CALL (RLIN) (NR) 901.9
Feature heading SEJ
Feature heading G
245 00 - TITLE STATEMENT
Title Sejarah perkembangan tamadun dunia
264 #1 - PRODUCTION, PUBLICATION, DISTRIBUTION, MANUFACTURE, AND COPYRIGHT NOTICE
Place of production, publication, distribution, manufacture Kuala Lumpur :
Name of producer, publisher, distributor, manufacturer Dewan Bahasa dan Pustaka ,
Date of production, publication, distribution, manufacture, or copyright notice 1996 ; 2001
300 ## - PHYSICAL DESCRIPTION
Extent xii, 521 pages ;
Dimensions 23 cm
336 ## - CONTENT TYPE
Source rdacontent
Content type term text
337 ## - MEDIA TYPE
Source rdamedia
Media type term unmediated
338 ## - CARRIER TYPE
Source rdacarrier
Carrier type term volume
500 ## - GENERAL NOTE
General note Mengndungi indeks
650 10 - SUBJECT ADDED ENTRY--TOPICAL TERM
Topical term or geographic name entry element World history ; Civilization Islamic - History
700 ## - ADDED ENTRY--PERSONAL NAME
Relator term author
942 ## - ADDED ENTRY ELEMENTS (KOHA)
-- dc
Koha item type Book
Holdings
Withdrawn Not for loan Current library Shelving location Date acquired Full call number Barcode Date last seen Koha item type Total Checkouts Checked out Date last checked out Total Renewals
    Perpustakaan Awam Sungai Petani Pinjaman Dewasa 03/06/1998 901.9 SEJ A00142310 08/05/2018 Book        
    Perpustakaan Jitra Pinjaman Dewasa 16/01/2002 901.9 SEJ A00985459 04/02/2023 Book 2 25/02/2023 04/02/2023  
    Perpustakaan Kulim Pinjaman Dewasa 16/01/2002 901.9 SEJ A00985460 05/04/2026 Book 4   24/03/2026 1
    Perpustakaan Langkawi Pinjaman Dewasa 16/01/2002 901.9 SEJ A00985462 08/05/2018 Book        
    Perpustakaan Yan Pinjaman Dewasa 16/01/2002 901.9 SEJ A00985461 13/03/2024 Book 1   29/02/2024